"Kleppener's Advertising Procedure, 1" (Record no. 43041)

MARC details
000 -LEADER
fixed length control field 00481nam a2200181Ia 4500
008 - FIXED-LENGTH DATA ELEMENTS--GENERAL INFORMATION
fixed length control field 230524s9999 xx 000 0 und d
020 ## - INTERNATIONAL STANDARD BOOK NUMBER
ISBN 97888131719558
082 ## - DEWEY DECIMAL CLASSIFICATION NUMBER
Classification number 685.452
Item number LAH
100 ## - MAIN ENTRY--AUTHOR NAME
Personal name W.Ronald Lane
245 #0 - TITLE STATEMENT
Title "Kleppener's Advertising Procedure, 1"
250 ## - EDITION STATEMENT
Edition statement 6TH
260 ## - PUBLICATION, DISTRIBUTION, ETC. (IMPRINT)
Place of publication NEW DELHI
Name of publisher Pearson
Year of publication 2008
300 ## - PHYSICAL DESCRIPTION
Number of Pages V;720
500 ## - GENERAL NOTE
General note Quantity Number: 2
650 ## - SUBJECT ADDED ENTRY--TOPICAL TERM
Topical Term Management
700 ## - ADDED ENTRY--PERSONAL NAME
Personal name " Karen Whitehill King , J.Thomas Russell,,,"
942 ## - ADDED ENTRY ELEMENTS (KOHA)
Koha item type Books
Holdings
Lost status Damaged status Permanent Location Current Location Shelving location Date acquired Full call number Accession Number Koha item type
    Central Library, Trident Academy of Technology Central Library, Trident Academy of Technology General Stacks 05/24/2023 685.452 LAH 30621 Books
    Central Library, Trident Academy of Technology Central Library, Trident Academy of Technology General Stacks 05/24/2023 685.452 LAH 30622 Books
Trident Academy of Technology © 2023.
All rights reserved.                                                                                                                                                                                                        Designed by Team of Central Library .

Powered by Koha